| 000 | 00513nam a2200157 4500 | ||
|---|---|---|---|
| 001 | 125913 | ||
| 003 | ES-MaACL | ||
| 007 | t| | ||
| 008 | 070214q1956 sp r ||||1| spa d | ||
| 100 | 1 |
_aRaynor, G. V. _995652 |
|
| 245 | 1 | 0 |
_aIntroducción a la teoría electrónica de los metales / _cG. V. Raynor ; versión de Rafael Durán González. |
| 260 |
_aMadrid : _bTecnos, _c[1956?] |
||
| 300 |
_aXII, 115 p. : _bil. ; _c22 cm. |
||
| 700 | 1 |
_aDurán González, Rafael. _946217 |
|
| 852 |
_aES-MaACL _jE-7398 _bR.91736 |
||
| 999 |
_c125913 _d125913 |
||